[Event "Feffernitz op 26th"]
[Site "Feffernitz"]
[Date "2017.08.22"]
[Round "4"]
[White "Lampersberger, Erhard"]
[Black "Peierl, Walter"]
[Result "1-0"]
[WhiteElo "2079"]
[BlackElo "1741"]
[PlyCount "175"]
[EventDate "2017.08.20"]
[EventType "swiss"]
[EventRounds "9"]
[EventCountry "AUT"]
[SourceTitle "CBM 180 Extra"]
[Source "ChessBase"]
[SourceDate "2017.10.06"]
[SourceVersion "1"]
[SourceVersionDate "2017.10.06"]
[SourceQuality "1"]

1. Nf3 Nf6 2. c4 d6 3. g3 e5 4. Bg2 Be6 5. d3 c6 6. 0-0 Be7 7. Nc3 h6 8. Rb1 Na6 9. b4 Nc7 10. Qc2 0-0 11. c5 Qd7 12. cxd6 Bxd6 13. Ne4 Ncd5 14. Nxd6 Qxd6 15. a3 Nd7 16. Bb2 f6 17. Nd2 Rac8 18. Rbc1 Ne7 19. Ne4 Qb8 20. d4 Bd5 21. Bh3 Rcd8 22. Nc5 Nxc5 23. Qxc5 Rfe8 24. dxe5 fxe5 25. Qc2 Bf7 26. Rfd1 Rxd1+ 27. Rxd1 Nd5 28. Qc5 Nf6 29. Bf5 Bd5 30. Bg6 b6 31. Qc2 Re7 32. e4 Bf7 33. Bxf7+ Kxf7 34. Qxc6 Kg6 35. Qd6 Qe8 36. Qd3 Qc6 37. f3 Qa4 38. Qe2 Qe8 39. Kg2 Kh7 40. Rd6 Qb8 41. Qd3 Qc7 42. f4 Qb7 43. fxe5 Qxe4+ 44. Qxe4+ Nxe4 45. Rd5 Rc7 46. Kf3 Ng5+ 47. Ke3 Rc2 48. Rd2 Rxd2 49. Kxd2 Kg6 50. Ke3 Kf5 51. Kd4 Ke6 52. h4 Nf7 53. Ke4 h5 54. Bd4 g5 55. hxg5 Nxg5+ 56. Kf4 Nf7 57. Bb2 Nh6 58. Bd4 Nf7 59. Bc3 Nh6 60. Kg5 Nf5 61. Kxh5 Nxg3+ 62. Kg4 Nf5 63. Kf4 Ne7 64. Ke4 Nc6 65. Bd4 Ne7 66. Bc3 Nc6 67. Bb2 Nd8 68. Kd4 a6 69. Ke4 b5 70. Bc3 Nc6 71. Bb2 a5 72. Bc3 axb4 73. axb4 Ne7 74. Kd4 Nd5 75. Bd2 Nb6 76. Bh6 Nd7 77. Bg7 Kf7 78. Bh8 Ke6 79. Bf6 Nb8 80. Kc5 Nd7+ 81. Kxb5 Kd5 82. Bg7 Nb8 83. Kb6 Nc6 84. b5 Nd4 85. Ka6 Ne6 86. Bf6 Nc5+ 87. Ka7 Nd3 88. b6 1-0

[Event "Hessenliga 0203"]
[Site "Germany"]
[Date "2003.03.16"]
[Round "8.7"]
[White "Nazarenus, Moritz"]
[Black "Lampersberger, Erhard"]
[Result "1-0"]
[WhiteElo "2110"]
[BlackElo "2122"]
[PlyCount "81"]
[EventDate "2002.10.??"]
[EventType "team"]
[EventRounds "9"]
[EventCountry "GER"]
[SourceTitle "EXT 2004"]
[Source "ChessBase"]
[SourceDate "2003.11.25"]
[SourceVersion "1"]
[SourceVersionDate "2003.11.25"]
[SourceQuality "1"]
[WhiteTeam "Schoeneck II"]
[BlackTeam "Baunatal"]
[WhiteTeamCountry "GER"]
[BlackTeamCountry "GER"]

1. d4 Nf6 2. c4 g6 3. Nc3 d5 4. cxd5 Nxd5 5. e4 Nxc3 6. bxc3 Bg7 7. Be3 0-0 8. Qd2 c5 9. Nf3 Qa5 10. Rc1 Bg4 11. Ng5 Bd7 12. d5 c4 13. h4 Na6 14. h5 Nc5 15. hxg6 hxg6 16. Bxc4 Qa4 17. Bxc5 Qxc4 18. Bd4 f6 19. Nf3 Bb5 20. Qe3 Kf7 21. Nd2 Qxa2 22. c4 Rfc8 23. Ra1 Rxc4 24. 0-0 Qc2 25. Nxc4 Qxc4 26. Rfc1 Qd3 27. Rc7 Rd8 28. Qxd3 Bxd3 29. Bc5 Bxe4 30. Re1 f5 31. d6 Be5 32. f3 b6 33. Rxe7+ Kf6 34. Bf2 Bxd6 35. Rxa7 Bb4 36. Rf1 Bd3 37. Rd1 b5 38. Bh4+ g5 39. Ra6+ Rd6 40. Rxd6+ Bxd6 41. Rxd3 1-0

[Event "Karl Wagner Memorial 5th"]
[Site "Graz"]
[Date "1998.09.10"]
[Round "6.32"]
[White "Lampersberger, Erhard"]
[Black "Mihevc Mohr, Narcisa"]
[Result "1-0"]
[WhiteElo "2090"]
[BlackElo "2200"]
[PlyCount "49"]
[EventDate "1998.09.??"]
[EventType "swiss"]
[EventRounds "9"]
[EventCountry "AUT"]
[SourceTitle "EXT 1999"]
[Source "ChessBase"]
[SourceDate "1998.11.16"]
[SourceVersion "1"]
[SourceVersionDate "1998.11.16"]
[SourceQuality "1"]

1. e4 c5 2. Nf3 Nc6 3. Bb5 d6 4. 0-0 Bd7 5. c3 Nf6 6. Re1 a6 7. Bxc6 Bxc6 8. d4 Bxe4 9. Bg5 Bxb1 10. Rxb1 Nd7 11. d5 h6 12. Bf4 Nf6 13. b4 g5 14. bxc5 gxf4 15. Rxb7 Qc8 16. c6 e6 17. dxe6 fxe6 18. Qb3 d5 19. Nd4 Ne4 20. f3 Bc5 21. fxe4 0-0 22. exd5 f3 23. gxf3 Qd8 24. Qc2 Qg5+ 25. Kh1 1-0

[Event "Feffernitz Raika op 07th"]
[Site "Feffernitz"]
[Date "1998.08.22"]
[Round "?"]
[White "Smajkic, Serif"]
[Black "Lampersberger, Erhard"]
[Result "0-1"]
[WhiteElo "1852"]
[BlackElo "2090"]
[PlyCount "94"]
[EventDate "1998.08.??"]
[EventType "swiss"]
[EventRounds "9"]
[EventCountry "AUT"]
[SourceTitle "EXT 2004"]
[Source "ChessBase"]
[SourceDate "2003.11.25"]
[SourceVersion "1"]
[SourceVersionDate "2003.11.25"]
[SourceQuality "1"]

1. d4 Nf6 2. c4 g6 3. Nc3 d5 4. Nf3 Bg7 5. e3 0-0 6. Be2 b6 7. cxd5 Nxd5 8. Nxd5 Qxd5 9. Nd2 c6 10. Bf3 Qd7 11. b3 Bb7 12. Rb1 Na6 13. Ba3 Rfc8 14. 0-0 c5 15. Bxb7 Qxb7 16. Qf3 Qxf3 17. Nxf3 Rc7 18. Rfd1 cxd4 19. Nxd4 Bxd4 20. Rxd4 Rac8 21. g3 f6 22. Rbd1 Kf7 23. Rd7 Rxd7 24. Rxd7 Rc7 25. Rd4 Nc5 26. Bxc5 Rxc5 27. Ra4 a5 28. b4 Rc4 29. Kf1 e5 30. Ke2 e4 31. h4 f5 32. f3 Ke6 33. g4 exf3+ 34. Kxf3 Rxg4 35. h5 Rxb4 36. Ra3 Kf6 37. hxg6 hxg6 38. Rc3 a4 39. a3 Rb3 40. Rc4 b5 41. Rc6+ Kg5 42. Rb6 f4 43. Kf2 fxe3+ 44. Kf3 Kf5 45. Rb8 Ke5 46. Rg8 Rxa3 47. Rxg6 Kd4 0-1

[Event "Feffernitz Raika op 07th"]
[Site "Feffernitz"]
[Date "1998.08.20"]
[Round "?"]
[White "Grom, Waldemar"]
[Black "Lampersberger, Erhard"]
[Result "0-1"]
[WhiteElo "2015"]
[BlackElo "2090"]
[PlyCount "60"]
[EventDate "1998.08.??"]
[EventType "swiss"]
[EventRounds "9"]
[EventCountry "AUT"]
[SourceTitle "EXT 2004"]
[Source "ChessBase"]
[SourceDate "2003.11.25"]
[SourceVersion "1"]
[SourceVersionDate "2003.11.25"]
[SourceQuality "1"]

1. c4 Nf6 2. Nc3 g6 3. Nf3 Bg7 4. d4 d5 5. Bg5 Ne4 6. Bf4 Nxc3 7. bxc3 0-0 8. cxd5 Qxd5 9. Qb3 Be6 10. Rb1 Qf5 11. d5 Bxd5 12. c4 Bxc4 13. Qxb7 Na6 14. e4 Qxf4 15. Bxc4 Rab8 16. Bxa6 Rxb7 17. Bxb7 Bc3+ 18. Ke2 c5 19. Rhd1 Qc7 20. Ba6 Rd8 21. Rb7 Qa5 22. Rxd8+ Qxd8 23. Bc4 a5 24. a4 e6 25. Rb5 Bb4 26. Bd3 Qc7 27. Bc4 Qf4 28. Kd3 g5 29. h3 h5 30. e5 g4 0-1

[Event "Feffernitz Raika op 07th"]
[Site "Feffernitz"]
[Date "1998.08.19"]
[Round "?"]
[White "Lampersberger, Erhard"]
[Black "Kock, Hans Uwe"]
[Result "1/2-1/2"]
[WhiteElo "2090"]
[BlackElo "2180"]
[PlyCount "33"]
[EventDate "1998.08.??"]
[EventType "swiss"]
[EventRounds "9"]
[EventCountry "AUT"]
[SourceTitle "EXT 2004"]
[Source "ChessBase"]
[SourceDate "2003.11.25"]
[SourceVersion "1"]
[SourceVersionDate "2003.11.25"]
[SourceQuality "1"]

1. e4 c6 2. d4 d5 3. Nd2 g6 4. c3 Nf6 5. e5 Nh5 6. Ndf3 Ng7 7. Bd3 Bf5 8. Bh6 Bxd3 9. Qxd3 Ne6 10. Qd2 Nd7 11. Nh3 Qc7 12. Bxf8 Ndxf8 13. 0-0-0 h6 14. Nh4 g5 15. Nf5 Ng6 16. g3 0-0-0 17. f4 1/2-1/2

[Event "AUT-ch M2 corr"]
[Site "Austria"]
[Date "1998.??.??"]
[Round "?"]
[White "Lampersberger, Erhard"]
[Black "Haika, Guenter"]
[Result "0-1"]
[WhiteElo "2015"]
[BlackElo "1865"]
[PlyCount "58"]
[EventDate "1998.??.??"]
[EventType "tourn (corr)"]
[EventRounds "10"]
[EventCountry "AUT"]
[SourceTitle "Corr 2000"]
[Source "ChessBase"]
[SourceDate "2000.04.19"]
[SourceVersion "1"]
[SourceVersionDate "2000.04.19"]
[SourceQuality "1"]

1. e4 c5 2. Nf3 Nc6 3. Bb5 g6 4. 0-0 Bg7 5. Re1 Nf6 6. c3 a6 7. Ba4 b5 8. Bc2 d6 9. d4 0-0 10. e5 dxe5 11. dxe5 Qxd1 12. Rxd1 Ng4 13. Be4 Bb7 14. Bg5 Rfb8 15. e6 fxe6 16. Bxc6 Bxc6 17. Bxe7 c4 18. Nbd2 Re8 19. Bh4 e5 20. h3 Nh6 21. Re1 Nf5 22. Bg5 h6 23. g4 e4 24. gxf5 exf3 25. f6 hxg5 26. fxg7 Kxg7 27. Nf1 Re2 28. Rxe2 fxe2 29. Ne3 Rd8 0-1

[Event "Oberwart op"]
[Site "Oberwart"]
[Date "1997.07.07"]
[Round "3"]
[White "Fuchs, Georg"]
[Black "Lampersberger, Erhard"]
[Result "1/2-1/2"]
[WhiteElo "2180"]
[BlackElo "1960"]
[PlyCount "51"]
[EventDate "1997.07.05"]
[EventType "swiss"]
[EventRounds "9"]
[EventCountry "AUT"]
[SourceTitle "EXT 1999"]
[Source "ChessBase"]
[SourceDate "1998.11.16"]
[SourceVersion "1"]
[SourceVersionDate "1998.11.16"]
[SourceQuality "1"]

1. e4 e6 2. d4 d5 3. e5 c5 4. c3 Nc6 5. Nf3 Qb6 6. Be2 cxd4 7. cxd4 Nh6 8. Bxh6 Qxb2 9. Nbd2 gxh6 10. 0-0 Bg7 11. Nb3 0-0 12. a3 f6 13. exf6 Rxf6 14. Qd3 Rxf3 15. Qxf3 Nxd4 16. Nxd4 Qxd4 17. Rac1 Qf6 18. Rc7 Qxf3 19. Bxf3 Be5 20. Re7 Rb8 21. Bxd5 Kf8 22. Rxe6 Bxe6 23. Bxe6 Rd8 24. g3 Rd3 25. Re1 Bf6 26. Re3 1/2-1/2